000 00721cam a22002531 4500
001 30916
003 BD-RjUL
005 20211209051632.0
008 140412s1957 enk b 001 0beng d
035 _a(BD-RjUL)31003
035 _a(OCoLC)371386
040 _aDLC
_cODaWU
_dOCoLC
_dUk
_dDLC
_dBD-RjUL
_beng
041 _aeng
082 _a192
_bCRJ 1957
100 1 _aCranston, Maurice
_d1920-
_993938
245 1 0 _aJohn Locke :
_ba biography /
_cMaurice Cranston
260 _aLondon:
_bLongmans,
_c1957.
300 _a496 p. :
_bill ;
_c24cm.
504 _aBibliographical footnotes. and Index
600 1 0 _aLocke, John,
_d1632-1704.
_993964
942 _2ddc
_cBK
999 _c30916
_d30916